000 00393nam a22001691a 4500
020 _a9788170811701
082 _aS 294.592 6
_bMAR/S
100 _aMarkandaiya
245 _aSmriti sandarbha (v.2)/
_cby Markandaiya
260 _aDelhi:
_bNag,
_c1988.
300 _a626-1233p.
650 _aDharam Shastra
650 _aHinduism
650 _aReligion
700 _aLaugakshi
942 _cBK
999 _c42385
_d42385